<?xml version="1.0" encoding="UTF-8"?>
<record
    xmlns:xsi="http://www.w3.org/2001/XMLSchema-instance"
    xsi:schemaLocation="http://www.loc.gov/MARC21/slim http://www.loc.gov/standards/marcxml/schema/MARC21slim.xsd"
    xmlns="http://www.loc.gov/MARC21/slim">

  <leader>04303nam a2200433 a 4500</leader>
  <controlfield tag="003">CHAP</controlfield>
  <controlfield tag="005">20250507133904.0</controlfield>
  <controlfield tag="007">cr ||||||a|c|a</controlfield>
  <controlfield tag="008">110117s2010    mx      r     00010 spa d</controlfield>
  <datafield tag="035" ind1=" " ind2=" ">
    <subfield code="a">111919</subfield>
  </datafield>
  <datafield tag="040" ind1=" " ind2=" ">
    <subfield code="c">CHAP</subfield>
  </datafield>
  <datafield tag="090" ind1=" " ind2=" ">
    <subfield code="a">Tesis</subfield>
  </datafield>
  <datafield tag="100" ind1="1" ind2=" ">
    <subfield code="a">Ram&#xED;rez Nava, Sergio.</subfield>
    <subfield code="9">94165</subfield>
  </datafield>
  <datafield tag="245" ind1="1" ind2="0">
    <subfield code="a">Supervisi&#xF3;n de producci&#xF3;n durante la elaboraci&#xF3;n de panqu&#xE9; y pan dan&#xE9;s en una panificadora industrial</subfield>
    <subfield code="c">/por Sergio Ram&#xED;rez Nava; director de tesis Ma. Ofelia Buend&#xED;a Gonz&#xE1;lez.</subfield>
  </datafield>
  <datafield tag="264" ind1=" " ind2="1">
    <subfield code="a">Chapingo, M&#xE9;x. :</subfield>
    <subfield code="b">El autor,</subfield>
    <subfield code="c">2010.</subfield>
  </datafield>
  <datafield tag="300" ind1=" " ind2=" ">
    <subfield code="a">1 recurso en l&#xED;nea (110 p&#xE1;ginas):</subfield>
    <subfield code="b">cuadros, figuras.</subfield>
  </datafield>
  <datafield tag="336" ind1=" " ind2=" ">
    <subfield code="2">rdacontent</subfield>
    <subfield code="a">texto</subfield>
    <subfield code="b">txt</subfield>
  </datafield>
  <datafield tag="337" ind1=" " ind2=" ">
    <subfield code="2">rdamedia</subfield>
    <subfield code="a">computadora</subfield>
    <subfield code="b">c</subfield>
  </datafield>
  <datafield tag="338" ind1=" " ind2=" ">
    <subfield code="2">rdacarrier</subfield>
    <subfield code="a">recursos en l&#xED;nea</subfield>
    <subfield code="b">cr</subfield>
  </datafield>
  <datafield tag="502" ind1=" " ind2=" ">
    <subfield code="b">IA</subfield>
    <subfield code="c">Agroindustrias</subfield>
    <subfield code="d">2010.</subfield>
    <subfield code="g">LIC</subfield>
  </datafield>
  <datafield tag="520" ind1=" " ind2=" ">
    <subfield code="a">Todo grupo necesita un l&#xED;der, una persona que dirija sus esfuerzos y actividades hacia un objetivo espec&#xED;fico y las empresas no son una excepci&#xF3;n. Dentro de las empresas panaderas existe una gran necesidad de l&#xED;deres, especialmente en el &#xE1;rea de producci&#xF3;n, como Supervisor de Producci&#xF3;n. El Supervisor realiza una actividad clave dentro de una empresa, pues de &#xE9;l depende que el trabajo se realice con la calidad requerida, que el equipo d&#xE9; el mayor rendimiento, pero sin olvidar el mantener en alto la moral de cada uno de los trabajadores desarrollando sus habilidades y reconociendo su labor. Para poder conseguirlo, lo primero es tener los conocimientos adecuados, es decir, concluir los estudios en una carrera que nos d&#xE9; las bases, como la de Ingenier&#xED;a Agroindustrial. Una vez habiendo ingresado en una empresa panadera, se debe aprovechar al m&#xE1;ximo la capacitaci&#xF3;n que se reciba, pues con cada una se desempe&#xF1;ar&#xE1; mejor el trabajo ya que cada puesto y cada l&#xED;nea son distintas. No se debe perder de vista que la capacitaci&#xF3;n y la actualizaci&#xF3;n de conocimientos son importantes, y debe continuar a todo lo largo de nuestra vida laboral, esto siempre nos har&#xE1; mejores Supervisores. Bimbo es la empresa en la que me he desarrollado como Supervisor de Producci&#xF3;n despu&#xE9;s de haber egresado de Agroindustrias de la Universidad Aut&#xF3;noma Chapingo, y en &#xE9;sta compa&#xF1;&#xED;a el Supervisor de Producci&#xF3;n es la persona sobre la que recae la responsabilidad de la operaci&#xF3;n y productividad de los procesos, as&#xED; como de la calidad del producto y optimizaci&#xF3;n de recursos de la empresa. Es quien apoya y resuelve, junto con su equipo de trabajo, los problemas que surgen d&#xED;a con d&#xED;a. Adem&#xE1;s, es el Supervisor de Producci&#xF3;n quien persigue y pone en marcha los planes comerciales de los diferentes productos, que son desarrollados en el &#xE1;rea de nuevos productos, con la finalidad de satisfacer los diversos nichos de mercado. El puesto de Supervisor de Producci&#xF3;n existe en una gran variedad de empresas, dedicadas a su vez a generar una gran variedad de productos, en este trabajo se mencionar&#xE1;n a grandes rasgos cada una de las actividades que desarrolla un Supervisor de Producci&#xF3;n en Bimbo, una importante empresa panadera, debido a que tiene una fuerte presencia no solo en nuestro pa&#xED;s, sino en varios pa&#xED;ses del mundo. As&#xED; tambi&#xE9;n se realizar&#xE1; una revisi&#xF3;n bibliogr&#xE1;fica sobre los ingredientes que conforman el pan, las etapas del proceso productivo, espec&#xED;ficamente en las l&#xED;neas de Panqu&#xE9; y pan fermentado dulce (pan Dan&#xE9;s), algunas variables t&#xE9;cnicas que afectan y la preparaci&#xF3;n profesional para desempe&#xF1;ar mejor el puesto de Supervisor de Producci&#xF3;n. </subfield>
  </datafield>
  <datafield tag="590" ind1=" " ind2=" ">
    <subfield code="a">ALEPH</subfield>
    <subfield code="b">10</subfield>
    <subfield code="c">20130110</subfield>
  </datafield>
  <datafield tag="590" ind1=" " ind2=" ">
    <subfield code="a">BATCH-UPD</subfield>
    <subfield code="b">10</subfield>
    <subfield code="c">20130110</subfield>
  </datafield>
  <datafield tag="590" ind1=" " ind2=" ">
    <subfield code="a">BATCH-UPD</subfield>
    <subfield code="b">10</subfield>
    <subfield code="c">20130410</subfield>
  </datafield>
  <datafield tag="590" ind1=" " ind2=" ">
    <subfield code="a">BATCH-UPD</subfield>
    <subfield code="b">10</subfield>
    <subfield code="c">20130914</subfield>
  </datafield>
  <datafield tag="590" ind1=" " ind2=" ">
    <subfield code="a">BATCH-UPD</subfield>
    <subfield code="b">10</subfield>
    <subfield code="c">20140324</subfield>
  </datafield>
  <datafield tag="590" ind1=" " ind2=" ">
    <subfield code="a">BATCH-UPD</subfield>
    <subfield code="b">10</subfield>
    <subfield code="c">20141002</subfield>
  </datafield>
  <datafield tag="590" ind1=" " ind2=" ">
    <subfield code="a">CONVERSION</subfield>
    <subfield code="b">10</subfield>
    <subfield code="c">20130109</subfield>
  </datafield>
  <datafield tag="650" ind1="1" ind2="4">
    <subfield code="a">Industria panificadora.</subfield>
    <subfield code="9">57906</subfield>
  </datafield>
  <datafield tag="650" ind1="1" ind2="4">
    <subfield code="a">Pan</subfield>
    <subfield code="x">Elaboraci&#xF3;n.</subfield>
    <subfield code="9">85043</subfield>
  </datafield>
  <datafield tag="700" ind1="1" ind2=" ">
    <subfield code="a">Buend&#xED;a Gonz&#xE1;lez, Ma. Ofelia</subfield>
    <subfield code="e">Director de tesis.</subfield>
    <subfield code="9">148274</subfield>
  </datafield>
  <datafield tag="856" ind1=" " ind2=" ">
    <subfield code="u">http://10.13.5.2/tesis/111919.pdf</subfield>
    <subfield code="z">DESCARGAR PDF</subfield>
  </datafield>
  <datafield tag="901" ind1=" " ind2=" ">
    <subfield code="a">BK</subfield>
  </datafield>
  <datafield tag="942" ind1=" " ind2=" ">
    <subfield code="c">TD</subfield>
    <subfield code="2">Clasificaci&#xF3;n Universidad Aut&#xF3;noma Chapingo</subfield>
  </datafield>
  <datafield tag="949" ind1=" " ind2=" ">
    <subfield code="b">BC</subfield>
    <subfield code="c">TES</subfield>
    <subfield code="d">33724002228040</subfield>
    <subfield code="e">TS2</subfield>
    <subfield code="f">c.2</subfield>
    <subfield code="g">Donaci&#xD8;n</subfield>
    <subfield code="h">51847</subfield>
    <subfield code="i">111919</subfield>
    <subfield code="s">b</subfield>
  </datafield>
  <datafield tag="949" ind1=" " ind2=" ">
    <subfield code="b">BC</subfield>
    <subfield code="c">TES</subfield>
    <subfield code="d">33724002229579</subfield>
    <subfield code="e">TS1</subfield>
    <subfield code="g">Donaci&#xD8;n</subfield>
    <subfield code="h">51846</subfield>
    <subfield code="i">111919</subfield>
    <subfield code="s">b</subfield>
  </datafield>
  <datafield tag="999" ind1=" " ind2=" ">
    <subfield code="c">100260</subfield>
    <subfield code="d">100260</subfield>
  </datafield>
  <datafield tag="952" ind1=" " ind2=" ">
    <subfield code="0">0</subfield>
    <subfield code="1">0</subfield>
    <subfield code="2">local</subfield>
    <subfield code="4">0</subfield>
    <subfield code="5">1</subfield>
    <subfield code="7">0</subfield>
    <subfield code="8">TesDigL</subfield>
    <subfield code="a">BD</subfield>
    <subfield code="b">BD</subfield>
    <subfield code="c">E_L</subfield>
    <subfield code="d">2019-12-31</subfield>
    <subfield code="l">0</subfield>
    <subfield code="o">Tesis digital</subfield>
    <subfield code="r">2019-12-31 00:00:00</subfield>
    <subfield code="w">2019-12-31</subfield>
    <subfield code="y">TD</subfield>
  </datafield>
</record>
